书目信息 |
| 题名: |
实验法自学有机化学
|
|
| 作者: | 韦丁顿 , 芬莱 著 ;陈韶 , 丁辰元 译 | |
| 分册: | ||
| 出版信息: | 北京 北京师范大学出版社 1982 |
|
| 页数: | 232页 | |
| 开本: | 19cm | |
| 丛书名: | ||
| 单 册: | ||
| 中图分类: | O62-33 | |
| 科图分类: | ||
| 主题词: | 有机化学--实验方法 | |
| 电子资源: | ||
| ISBN: | ||
| 000 | 00749nam0 2200253 45 | |
| 001 | 0182005200 | |
| 005 | 20060818112507.07 | |
| 010 | @dCNY0.70 | |
| 100 | @a19950510d1982 em y0chiy0121 ea | |
| 101 | 0 | @achi |
| 102 | @aCN@b110000 | |
| 105 | @ay z 000yy | |
| 200 | 10 | @a实验法自学有机化学@Ashi yan fa zi xue you ji hua xue@f(英)韦丁顿D.J.,芬莱,H.S.著@g陈韶,丁辰元译 |
| 210 | @a北京@c北京师范大学出版社@d1982 | |
| 215 | @a232页@d19cm | |
| 606 | @a有机化学@x实验方法 | |
| 690 | @aO62-33@v3 | |
| 701 | 1 | @a韦丁顿@Awei ding dun@bJ.@4著 |
| 701 | 1 | @a芬莱@Afen lai@bH.S.@4著 |
| 702 | 0 | @a陈韶@Achen shao@4译 |
| 702 | 0 | @a丁辰元@Ading chen yuan@4译 |
| 801 | 0 | @aCN@bTSSF@c20060818 |
| 801 | 2 | @aCN@bNLC@c20060801 |
| 905 | @a10447@dO62-33@e120 | |
| 实验法自学有机化学/(英)韦丁顿D.J.,芬莱,H.S.著/陈韶,丁辰元译.-北京:北京师范大学出版社,1982 |
| 232页;19cm |
| ISBN :CNY0.70 |
| ● |
| 相关链接 |
|
|
|
|
正题名:实验法自学有机化学
索取号:O62-33/120
 
预约/预借
| 序号 | 登录号 | 条形码 | 馆藏地/架位号 | 状态 | 备注 |
| 1 | 0434209 | 204342096 | 密集书库/ [索取号:O62-33/120] | 在馆 | |
| 2 | 0468668 | 204686688 | 密集书库/ [索取号:O62-33/120] | 在馆 |